书目信息 |
| 题名: |
十年藏北
|
|
| 作者: | 马丽华 著 | |
| 分册: | ||
| 出版信息: | 拉萨 西藏人民出版社 2000.07 |
|
| 页数: | 242页 | |
| 开本: | 20cm | |
| 丛书名: | ||
| 单 册: | ||
| 中图分类: | K927.52 | |
| 科图分类: | ||
| 主题词: | 那曲地区--na qu di qu--概况 | |
| 电子资源: | ||
| ISBN: | 7-223-01297-8 | |
| 000 | 00668nam0 2200217 450 | |
| 001 | 010259022923 | |
| 005 | 20051006162440.26 | |
| 010 | @a7-223-01297-8@dCNY13.00 | |
| 100 | @a20051006d2000 km y0chiy0120 ea | |
| 101 | 0 | @achi |
| 102 | @aCN@b540000 | |
| 105 | @ay z 000yy | |
| 200 | 1 | @a十年藏北@Ashi nian cang bei@f马丽华著@Fma li hua zhu |
| 210 | @a拉萨@c西藏人民出版社@d2000.07 | |
| 215 | @a242页@d20cm | |
| 330 | @a本书以事实为依据,描绘了那曲最近十年的发展变迁情况,是藏北十年变迁的真实写照。 | |
| 606 | 0 | @a那曲地区@Ana qu di qu@x概况 |
| 690 | @aK927.52@v4 | |
| 701 | 0 | @a马丽华@Ama li hua@4著 |
| 801 | 0 | @aCN@bQSSK@c20051007 |
| 905 | @a10447@dK927.52@eM093 | |
| 十年藏北/马丽华著.-拉萨:西藏人民出版社,2000.07 |
| 242页;20cm |
| ISBN 7-223-01297-8:CNY13.00 |
| 本书以事实为依据,描绘了那曲最近十年的发展变迁情况,是藏北十年变迁的真实写照。 |
| ● |
| 相关链接 |
|
|
|
正题名:十年藏北
索取号:K927.52/M093
 
预约/预借
| 序号 | 登录号 | 条形码 | 馆藏地/架位号 | 状态 | 备注 |
| 1 | 573807 | 205738077 | 社科库309/309社科库 15排2列6层/ [索取号:K927.52/M093] | 在馆 | |
| 2 | 573808 | 205738086 | 社科库309/309社科库 15排2列6层/ [索取号:K927.52/M093] | 在馆 | |
| 3 | 573809 | 205738095 | 社科库309/309社科库 15排2列6层/ [索取号:K927.52/M093] | 在馆 |